• 首页
  • 本馆介绍
  • 公告通知
  • 最新文献
  • 馆藏检索
  • 电子资源
  • 读者导购
  • 参考咨询
  • 我的图书馆
  • 登录
  • 详细信息显示
  • 放入我的书架
  • 预约/预借图书
  • 作者相关作品
  • 分类相关作品
  • 丛书相关作品
  • 出版社相关作品

书目信息

  • 表格格式
  • 工作单格式
  • 卡片格式
题名:
微生物学名词
    
 
作者: ;微生物学名词审定委员会 编
分册: 1988  
出版信息: 北京   科学出版社  1989.11
页数: 97页
开本: 26厘米
丛书名:
单 册:
中图分类: Q93-61
科图分类:
主题词: 微生物学--词汇
电子资源:
ISBN: 7-03-001490-1
000 00827nam0 2200241 45
001 0190002060
005 20061124095001.04
010    @a7-03-001490-1@dCNY5.20
100    @a19921104d1989 kemy0chiy0121 ea
101 0  @achi
102    @aCN@b110000
105    @ay z 000yy
200 10 @a微生物学名词@AWEI SHENG WU XUE MING CI@h1988@f微生物学名词审定委员会编@FWEI SHENG WU XUE MING CI SHEN DING WEI YUAN HUI BIAN
210    @a北京@c科学出版社@d1989.11
215    @a97页@d26厘米
300    @a全国自然科学名词审定委员会公布
300    @a国家自然科学基金资助项目
540 1  @a微生物学 名词@AWEI SHENG WU XUE MING CI
606    @a微生物学@x词汇
690    @aQ93-61@v三版
711 02 @a微生物学名词审定委员会@AWEI SHENG WU XUE MING CI SHEN DING WEI YUAN HUI@4编
801  0 @aCN@bTSSF@c20061124
905    @a10447@dQ93-61@e25
    
    微生物学名词.1988/微生物学名词审定委员会编.-北京:科学出版社,1989.11
    97页;26厘米
    全国自然科学名词审定委员会公布.-国家自然科学基金资助项目
    
    ISBN 7-03-001490-1:CNY5.20
    
●
相关链接 在E读中查询图书 在五车中查询图书 在当当中查询图书 在豆瓣中查询图书


正题名:微生物学名词     索取号:Q93-61/25         预约/预借

序号 登录号 条形码 馆藏地/架位号 状态 备注
1 0259043   000703983   第二样本阅览室/ [索取号:Q93-61/25] 在馆    
唐山师范学院图书馆 欢迎您!
大连网信软件有限公司© 版权所有